Rekvalifikácia v podniku ako pomoc v zamestnanosti.

Kompetencia a kvalifikácia. Charakteristiky kompetencie. Potreba zmeny stratégie podnikového vzdelávania. Adaptácia zamestnancov na meniaci sa profil pracovných miest. Rekvalifikácia a výcvik. Stratégia podnikového vzdelávania a výcviku. Vnútorný trh práce.

Salvato in:
Dettagli Bibliografici
Autore principale: Kostolanský, R.
Natura: Capitolo di libro
Lingua:slovacco
Soggetti:
Tags: Aggiungi Tag
Nessun Tag, puoi essere il primo ad aggiungerne!!

MARC

LEADER 00000naa a2200000 4500
001 r011369
005 20220831084857.6
041 0 |a slo 
044 |a [CS] 
245 1 0 |a Rekvalifikácia v podniku ako pomoc v zamestnanosti.  |c R. Kostolanský 
520 |a Kompetencia a kvalifikácia. Charakteristiky kompetencie. Potreba zmeny stratégie podnikového vzdelávania. Adaptácia zamestnancov na meniaci sa profil pracovných miest. Rekvalifikácia a výcvik. Stratégia podnikového vzdelávania a výcviku. Vnútorný trh práce. 
610 2 0 |a rekvalifikácia 
610 2 0 |a podnik 
610 2 0 |a trh práce 
610 2 0 |a miesta pracovné 
610 2 0 |a výcvik 
610 2 0 |a vzdelávanie 
610 2 0 |a stratégia podniková 
610 2 0 |a zvyšovanie kvalifikácie 
610 2 0 |a príprava odborná 
100 1 |a Kostolanský, R.